Moji intelektuáli II

Bibliographic Details
Main Author: Luby, Štefan, 1941- (Author)
Format: Book
Language:Slovak
PhysicalDescription:168 strán fotografie 23 cm
Published: Bratislava Veda 2004
ISBN:8022408220
Edition:1. vyd.
Subjects:

MARC

LEADER 00000cam a2200000 a 4500
001 vtls001488803
003 SK-MaSNL
005 20260302073759.0
008 220509s2004 xo o gr 000 0cslo
015 |a SNBA2005/04-01353 
020 |a 8022408220  |q (viazané) 
035 |a urn:nbn:sk:snk-am00gefw 
035 |a urn:nbn:sk:snk-am3j3py 
035 |a 31AA6729-2A3E-4E8E-ACC0-902AF1D940FD 
040 |a SNK  |b slo  |c SNK  |e AACR2 
041 0 |a slo 
043 |a e-xo--- 
044 |a xo  |c SK 
072 7 |a 929  |x Biografie  |2 konspekt 
072 7 |a 00  |x Veda. Všeobecnosti. Základy vedy a kultúry. Vedecká práca  |2 konspekt 
072 7 |a 001.32  |2 2011 
080 |a 001-051  |2 2011 
080 |a (437.6)  |2 2011 
080 |a 929(092)  |2 2011 
080 |a 316.344.32  |2 2011 
100 1 |a Luby, Štefan,  |d 1941-  |4 aut  |9 92597 
245 1 0 |a Moji intelektuáli  |n II  |c Štefan Luby 
250 |a 1. vyd. 
260 |a Bratislava  |b Veda  |c 2004 
300 |a 168 strán  |b fotografie  |c 23 cm 
610 2 7 |a Slovenská akadémia vied  |2 SNKKA  |9 125200 
648 7 |a 20.-21. storočie  |2 SNKPH  |9 302531 
650 0 7 |a intelektuáli  |2 SNKPH  |9 4873 
650 0 7 |a vedci  |2 SNKPH  |9 70904 
650 0 7 |a akadémie vied  |2 SNKPH  |9 261078 
651 7 |a Slovensko  |2 SNKPHgeo 
655 7 |a biografie  |2 SNKPH  |9 27965 
919 |a 80-224-0822-0 
958 |a BX 
958 |a OND 
999 |c 1162339  |d 1164269 
952 |a SNK  |b SNK  |y PREZ  |7 0  |p 17A0455254  |o snkSC 112888/2  |i snk2005/281  |8 0  |0 0  |1 0  |4 0  |d 2005-01-17  |f 1  |l 0  |r 2025-10-02 00:00:00  |w 2026-02-24 
952 |a SNK  |b SNK  |y VYP  |7 0  |p 17A0455255  |o snkSC 112888/2 D1  |i snk2005/282  |8 0  |0 0  |1 0  |4 0  |d 2005-01-17  |l 0  |r 2026-02-24 20:37:46  |w 2026-02-24